000 00334nam a2200133Ia 4500
008 191201s2012 xx 000 0 und d
100 _aPANDEY, Sujata
245 0 _aMultimedia System Technology and Communication
250 _a2nd
260 _aN. Delhi
_bS.K.Kataria
_c2012
300 _a323
650 _aB.Tech(ECE)
942 _2ddc
_cBK
999 _c109
_d109